[Event "Open Hradec Kralove 2019"]
[Site "Hradec Kralove"]
[Date "2019.10.27"]
[Round "2"]
[White "Valik, Ondrej"]
[Black "Mullerova, Katerina"]
[Result "0-1"]
[WhiteElo "1658"]
[BlackElo "1402"]
[PlyCount "86"]
[EventDate "2019.10.26"]

1. c4 c5 2. Nf3 Nf6 3. Nc3 g6 4. e3 Bg7 5. d4 cxd4 6. exd4 Qa5 7. Bd2 Qb6 8.
Na4 Qc7 9. g3 O-O 10. Rc1 Nc6 11. a3 Ne4 12. Bf4 d6 13. c5 Qa5+ 14. b4 Nxb4 15.
axb4 Qxb4+ 16. Bd2 Nxd2 17. Nxd2 Qxd4 18. Rc4 Qd5 19. f3 Bd7 20. cxd6 Qxd6 21.
Nc5 Qe5+ 22. Nde4 Bc6 23. Be2 Rfd8 24. Qc1 Bb5 25. Rc2 Bxe2 26. Rxe2 b6 27. Nb3
Qd5 28. Qb1 Rd7 29. O-O Rad8 30. Kg2 Qc4 31. Rfe1 f5 32. Ned2 Qd3 33. Qa2 Kf8
34. Nc1 Qxd2 35. Qa4 Qd5 36. Qh4 Qc5 37. Qxh7 Rd2 38. Qxg6 Rxe2+ 39. Nxe2 Rd2
40. Qe6 Qd5 41. Qc8+ Kf7 42. Kh3 Qxf3 43. Nf4 Qg4# 0-1

[Event "Open Hradec Kralove 2019"]
[Site "Hradec Kralove"]
[Date "2019.10.28"]
[Round "3"]
[White "Bulockin, Martin"]
[Black "Sabuk, Piotr"]
[Result "1-0"]
[WhiteElo "2104"]
[BlackElo "2373"]
[PlyCount "45"]
[EventDate "2019.10.26"]

1. e4 e5 2. Nf3 Nc6 3. Nc3 Nf6 4. d4 exd4 5. Nxd4 Bb4 6. Nxc6 bxc6 7. Bd3 d5 8.
exd5 O-O 9. O-O Bg4 10. f3 Bh5 11. g4 Bg6 12. Bxg6 hxg6 13. dxc6 Bxc3 14. Qxd8
Rfxd8 15. bxc3 Rd6 16. g5 Nd5 17. Rd1 Rad8 18. Ba3 Rxc6 19. Rab1 Rxc3 20. Be7
Rd7 21. Rb8+ Kh7 22. Rd4 Nf6 23. Bxf6 1-0

[Event "Open Hradec Kralove 2019"]
[Site "Hradec Kralove"]
[Date "2019.10.28"]
[Round "3"]
[White "Swicarz, Maciej"]
[Black "Kornitzky, Tino"]
[Result "1-0"]
[WhiteElo "2356"]
[BlackElo "2077"]
[PlyCount "91"]
[EventDate "2019.10.26"]

1. Nf3 d5 2. b3 c5 3. Bb2 Nc6 4. e3 a6 5. d4 Nf6 6. Bd3 cxd4 7. exd4 Bg4 8. O-O
e6 9. Nbd2 Bd6 10. c4 O-O 11. Qe1 Nd7 12. cxd5 exd5 13. Ne5 Ncxe5 14. dxe5 Bc5
15. Ne4 dxe4 16. Qxe4 Qh4 17. h3 Bxf2+ 18. Rxf2 Nc5 19. Qxg4 Qxg4 20. Bxh7+
Kxh7 21. hxg4 Nd3 22. Rd2 Nxb2 23. Rxb2 Rae8 24. Re2 Re6 25. Rae1 Rfe8 26. Kf2
Kg6 27. Kf3 f6 28. Kf4 fxe5+ 29. Rxe5 Rf8+ 30. Kg3 Rxe5 31. Rxe5 Rf7 32. Kh4
Rf2 33. a4 Rf7 34. Re6+ Kh7 35. Kh5 Rd7 36. g5 Kg8 37. Kg6 Kf8 38. a5 Rd5 39.
b4 Rd4 40. Rb6 Rd7 41. Kh7 Kf7 42. g6+ Kf8 43. g4 Rd3 44. Rf6+ gxf6 45. g7+ Ke7
46. g8=Q 1-0

[Event "Open Hradec Kralove 2019"]
[Site "Hradec Kralove"]
[Date "2019.10.28"]
[Round "3"]
[White "Gloser, David"]
[Black "Sorm, Daniel"]
[Result "0-1"]
[WhiteElo "1998"]
[BlackElo "2299"]
[PlyCount "68"]
[EventDate "2019.10.26"]

1. e4 {[%emt 0:00:00]} c5 2. Ne2 Nc6 3. Nbc3 d6 4. g3 g6 5. Bg2 Bg7 6. O-O Rb8
7. a4 a6 8. d3 b5 9. h3 e6 10. f4 b4 11. Nb1 Nge7 12. g4 f5 13. Ng3 Nd4 14. Nd2
b3 15. Nxb3 Nxb3 16. cxb3 O-O 17. Ra3 Qb6 18. Kh2 Nc6 19. exf5 exf5 20. gxf5
Bxf5 21. Nxf5 gxf5 22. Bd5+ Kh8 23. Rg1 Nb4 24. Bf3 Bd4 25. Bd2 Bxg1+ 26. Qxg1
d5 27. Ra1 Rg8 28. Qf1 Qg6 29. Kh1 Qg3 30. Qg2 Qh4 31. Qf1 Nxd3 32. Bxd5 Nf2+
33. Qxf2 Qxf2 34. Bc3+ Rg7 0-1

[Event "Open Hradec Kralove 2019"]
[Site "Hradec Kralove"]
[Date "2019.10.28"]
[Round "3"]
[White "Dambrauskas, Virginijus"]
[Black "Cap, Piotr"]
[Result "1-0"]
[WhiteElo "2219"]
[BlackElo "1953"]
[PlyCount "55"]
[EventDate "2019.10.26"]

1. d4 d6 2. e4 Nf6 3. Nc3 c6 4. f4 b5 5. Bd3 b4 6. Nce2 g6 7. Nf3 Bg7 8. a3
bxa3 9. Rxa3 O-O 10. O-O Qc7 11. c4 Na6 12. Bd2 c5 13. d5 Nb4 14. Bb1 e6 15.
Bc3 exd5 16. exd5 Qe7 17. Kh1 Ng4 18. Bxg7 Kxg7 19. Ng3 h5 20. Qd2 f5 21. Re1
Qf6 22. h3 h4 23. Nf1 Nh6 24. Rae3 Ng8 25. Qf2 Bd7 26. Ng5 Nh6 27. Re7+ Rf7 28.
Nxf7 1-0

[Event "Open Hradec Kralove 2019"]
[Site "Hradec Kralove"]
[Date "2019.10.28"]
[Round "3"]
[White "Trasak, Ondrej"]
[Black "Kratochvil, Vit"]
[Result "1/2-1/2"]
[WhiteElo "1984"]
[BlackElo "2197"]
[PlyCount "34"]
[EventDate "2019.10.26"]

1. d4 Nf6 2. Bf4 c5 3. e3 g6 4. c3 Bg7 5. h3 O-O 6. Nf3 d5 7. Nbd2 Nc6 8. Ne5
Nh5 9. Bh2 Nxe5 10. dxe5 Bh8 11. Be2 Ng7 12. O-O b6 13. Qa4 Bb7 14. Rad1 Qc8
15. Nf3 Nf5 16. Bd3 Re8 17. Qf4 Rf8 1/2-1/2

[Event "Open Hradec Kralove 2019"]
[Site "Hradec Kralove"]
[Date "2019.10.28"]
[Round "3"]
[White "Weinzettl, Ernst"]
[Black "Zacek, Petr"]
[Result "1/2-1/2"]
[WhiteElo "2175"]
[BlackElo "1889"]
[PlyCount "52"]
[EventDate "2019.10.26"]

1. e4 d6 2. d4 Nf6 3. Nc3 c6 4. f4 g6 5. Nf3 Bg7 6. Bd3 O-O 7. O-O Bg4 8. Be3
Nbd7 9. h3 Bxf3 10. Qxf3 a6 11. e5 Ne8 12. Ne4 d5 13. Ng5 e6 14. Qg4 Qe7 15.
Rae1 c5 16. c3 Nc7 17. f5 exf5 18. Bxf5 Nb6 19. Bf2 h6 20. Nxf7 Qxf7 21. Bxg6
Qf4 22. dxc5 Qxg4 23. hxg4 Nc4 24. e6 Nd2 25. Bf7+ Kh7 26. Bg3 Nxe6 1/2-1/2

[Event "Open Hradec Kralove 2019"]
[Site "Hradec Kralove"]
[Date "2019.10.28"]
[Round "3"]
[White "Jiruse, Josef"]
[Black "Schoenbeck, Stephan"]
[Result "1-0"]
[WhiteElo "1988"]
[BlackElo "1937"]
[PlyCount "71"]
[EventDate "2019.10.26"]

1. c4 {[%emt 0:00:00]} e5 2. Nc3 Nc6 3. g3 g6 4. Bg2 Bg7 5. d3 d6 6. Rb1 Nf6 7.
Nf3 O-O 8. O-O Nd4 9. b4 Re8 10. Nd2 a6 11. a4 Rb8 12. b5 a5 13. Nde4 Nxe4 14.
Bxe4 f5 15. Bd5+ Kh8 16. Bd2 b6 17. e3 Ne6 18. e4 f4 19. f3 Ng5 20. Ne2 Rf8 21.
Qc1 Nh3+ 22. Kh1 h5 23. gxf4 exf4 24. Nxf4 Rxf4 25. Bxf4 g5 26. Be3 Qf6 27. f4
Bg4 28. e5 dxe5 29. fxg5 Qd6 30. Qd2 Re8 31. Be4 Qe6 32. Rbe1 Qe7 33. g6 Qh4
34. Rf7 Re6 35. Ref1 Bf6 36. Rf8+ 1-0

[Event "Open Hradec Kralove 2019"]
[Site "Hradec Kralove"]
[Date "2019.10.28"]
[Round "3"]
[White "Marinc, Damir"]
[Black "Paldus, Petr"]
[Result "1/2-1/2"]
[WhiteElo "1874"]
[BlackElo "1982"]
[PlyCount "67"]
[EventDate "2019.10.26"]

1. c4 e6 2. d4 d5 3. Nc3 f5 4. cxd5 exd5 5. Nf3 Nf6 6. g3 c6 7. Bg2 Bd6 8. O-O
O-O 9. e3 Ne4 10. Nd2 Nd7 11. f3 Nxg3 12. hxg3 Bxg3 13. f4 Rf6 14. Nf3 Rg6 15.
Ne2 Nf6 16. Nxg3 Rxg3 17. Qe1 Ne4 18. Rf2 Nxf2 19. Kxf2 Rg6 20. Bd2 Be6 21. Qe2
Rh6 22. Rg1 Bf7 23. Ne5 Bh5 24. Bf3 Bxf3 25. Nxf3 Qe7 26. Qd1 Rf8 27. Rg2 Qe4
28. Bb4 Rff6 29. Ng5 Qe8 30. Qg1 Rhg6 31. Qh1 Rh6 32. Qg1 Rfg6 33. Qb1 Rf6 34.
Qg1 1/2-1/2

[Event "Open Hradec Kralove 2019"]
[Site "Hradec Kralove"]
[Date "2019.10.28"]
[Round "3"]
[White "Bullen, Alex"]
[Black "Lacha, Jan"]
[Result "1-0"]
[WhiteElo "2139"]
[BlackElo "1783"]
[PlyCount "59"]
[EventDate "2019.10.26"]

1. d4 e6 2. Nf3 f5 3. Bf4 Nf6 4. e3 Be7 5. Be2 O-O 6. h3 Ne4 7. O-O g5 8. Bh2
d5 9. Nbd2 Nxd2 10. Nxd2 b6 11. c4 Bb7 12. Rc1 c6 13. cxd5 cxd5 14. Bb5 Bd6 15.
Bxd6 Qxd6 16. Qh5 Qe7 17. Nf3 Ba6 18. Bxa6 Nxa6 19. Qxg5+ Qxg5 20. Nxg5 Rf6 21.
a3 h6 22. Nf3 Kf7 23. b4 Re8 24. b5 Nb8 25. Rc7+ Re7 26. Ne5+ Kf8 27. Rc8+ Re8
28. Rxb8 Rxb8 29. Nd7+ Ke7 30. Nxb8 1-0

[Event "Open Hradec Kralove 2019"]
[Site "Hradec Kralove"]
[Date "2019.10.28"]
[Round "3"]
[White "Svec, Ludek"]
[Black "Slabicki, Andrzej"]
[Result "1/2-1/2"]
[WhiteElo "1587"]
[BlackElo "1943"]
[PlyCount "43"]
[EventDate "2019.10.26"]

1. d4 Nf6 2. Nf3 b6 3. g3 Bb7 4. Bg2 e6 5. O-O c5 6. dxc5 Bxc5 7. c4 O-O 8. a3
d5 9. b4 Be7 10. Ne5 Qc7 11. Bf4 Bd6 12. Qd4 Rd8 13. cxd5 Nxd5 14. Bxd5 Bxd5
15. Rc1 Qb7 16. Qb2 Nc6 17. Nxc6 Bxc6 18. Bxd6 Rxd6 19. Nc3 Rad8 20. Rd1 Qd7
21. Rxd6 Qxd6 22. Qc2 1/2-1/2

[Event "Open Hradec Kralove 2019"]
[Site "Hradec Kralove"]
[Date "2019.10.28"]
[Round "3"]
[White "Nemec, Otakar"]
[Black "Smietanska, Wiktoria"]
[Result "0-1"]
[WhiteElo "1937"]
[BlackElo "1704"]
[PlyCount "86"]
[EventDate "2019.10.26"]

1. e4 c5 2. Nf3 d6 3. d4 cxd4 4. Nxd4 Nf6 5. Nc3 a6 6. Be2 e5 7. Nb3 Be6 8. Bg5
Nbd7 9. O-O h6 10. Be3 Be7 11. Kh1 Rc8 12. f4 b5 13. a3 Rxc3 14. bxc3 Nxe4 15.
Bf3 Nxc3 16. Qd3 Na4 17. Qd2 Nab6 18. Na5 Nc4 19. Nxc4 Bxc4 20. Rfd1 O-O 21.
Qf2 Qc7 22. a4 f5 23. axb5 e4 24. Be2 axb5 25. Ra7 Qc6 26. Rda1 Rd8 27. Bxc4+
Qxc4 28. Rb7 Bf6 29. Raa7 Nf8 30. Rc7 Qb4 31. h3 d5 32. Bc5 Qb1+ 33. Kh2 Ne6
34. Rd7 Rxd7 35. Rxd7 d4 36. Be7 Nf8 37. Rb7 Bxe7 38. Rxe7 Qb4 39. Rb7 d3 40.
cxd3 exd3 41. Qg3 Qd4 42. Qe1 d2 43. Qe8 Qxf4+ 0-1

[Event "Open Hradec Kralove 2019"]
[Site "Hradec Kralove"]
[Date "2019.10.28"]
[Round "3"]
[White "Gromczak, Dariusz"]
[Black "Veselsky, Jan"]
[Result "1-0"]
[WhiteElo "1818"]
[BlackElo "1539"]
[PlyCount "53"]
[EventDate "2019.10.26"]

1. e4 c6 2. Nc3 d5 3. Nf3 Bg4 4. h3 Bxf3 5. Qxf3 Nf6 6. d4 dxe4 7. Nxe4 Qxd4 8.
Bd3 Nbd7 9. Be3 Qxb2 10. O-O Ne5 11. Nxf6+ gxf6 12. Qg3 Qc3 13. Rab1 b6 14. Rb3
Qa5 15. Be4 Rc8 16. f4 Nd7 17. Qf3 Qa4 18. Rd1 Nb8 19. Rd4 Qa5 20. Rbd3 e5 21.
fxe5 Rg8 22. Bxh7 fxe5 23. Bxg8 Qxa2 24. Bxf7+ Qxf7 25. Rd8+ Rxd8 26. Rxd8+ Ke7
27. Qxf7+ 1-0

[Event "Open Hradec Kralove 2019"]
[Site "Hradec Kralove"]
[Date "2019.10.28"]
[Round "3"]
[White "Krasa, Marek"]
[Black "Sprinar, Michal"]
[Result "1-0"]
[WhiteElo "1671"]
[BlackElo "1183"]
[PlyCount "51"]
[EventDate "2019.10.26"]

1. c4 e6 2. Nf3 f5 3. Nc3 Nf6 4. d4 c6 5. Qc2 d5 6. e3 Bd6 7. c5 Bc7 8. b4 O-O
9. Bd3 Ne4 10. O-O Qf6 11. a4 Qh6 12. g3 a6 13. Re1 Nd7 14. Bf1 Ndf6 15. h3 g5
16. Nh2 Kh8 17. Bg2 Rg8 18. Ne2 e5 19. f3 Nxg3 20. Nxg3 f4 21. Ngf1 Bxh3 22.
Re2 g4 23. fxg4 Rxg4 24. Nxg4 Nxg4 25. exf4 exf4 26. Ra3 1-0

[Event "Open Hradec Kralove 2019"]
[Site "Hradec Kralove"]
[Date "2019.10.28"]
[Round "3"]
[White "Kral, Ladislav"]
[Black "Svoboda, Frantisek"]
[Result "1-0"]
[WhiteElo "1486"]
[BlackElo "1668"]
[PlyCount "75"]
[EventDate "2019.10.26"]

1. e4 d6 2. d4 Nf6 3. Nc3 Nbd7 4. Be3 c6 5. f4 e6 6. Bd3 Be7 7. h3 b5 8. e5
dxe5 9. fxe5 Nd5 10. Nxd5 Bh4+ 11. Kf1 cxd5 12. Qg4 g6 13. Nf3 f5 14. Qxh4 Qb6
15. Qf2 h6 16. h4 Ba6 17. g4 b4 18. Qe2 fxg4 19. Bxa6 O-O 20. Bd3 Rxf3+ 21. Kg2
Nxe5 22. dxe5 Qxe3 23. Qxe3 Rxe3 24. Rae1 Rxe1 25. Rxe1 Kg7 26. Rf1 g5 27. h5
Rf8 28. Rxf8 Kxf8 29. Be2 g3 30. Kxg3 Ke7 31. Bg4 a5 32. Kf2 Kd7 33. Ke3 a4 34.
Kd4 b3 35. axb3 axb3 36. cxb3 Ke7 37. b4 Kd7 38. b5 1-0

[Event "Open Hradec Kralove 2019"]
[Site "Hradec Kralove"]
[Date "2019.10.28"]
[Round "3"]
[White "Trasakova, Adela"]
[Black "Haasova, Timea"]
[Result "1/2-1/2"]
[WhiteElo "1569"]
[BlackElo "1346"]
[PlyCount "97"]
[EventDate "2019.10.26"]

1. d4 d5 2. Bf4 Nf6 3. e3 e6 4. c3 c5 5. Nd2 Nc6 6. Ngf3 Bd6 7. Ne5 Qc7 8. Ndf3
Nd7 9. Nxd7 Bxd7 10. Bg3 c4 11. Qc2 h6 12. e4 O-O 13. e5 Be7 14. Be2 b5 15. O-O
a5 16. Kh1 b4 17. Ng1 a4 18. f4 b3 19. axb3 axb3 20. Qb1 Ra7 21. Bg4 Rfa8 22.
Rxa7 Qxa7 23. f5 Qa2 24. fxe6 Qxb1 25. Rxb1 Bxe6 26. Bxe6 fxe6 27. Ne2 g5 28.
h4 gxh4 29. Bf4 Bg5 30. Kh2 Ne7 31. g3 hxg3+ 32. Kxg3 Bxf4+ 33. Nxf4 Nf5+ 34.
Kg4 Kf7 35. Nxd5 Rg8+ 36. Kf4 exd5 37. Kxf5 Rg5+ 38. Kf4 Ke6 39. Ke3 h5 40. Rf1
Rg3+ 41. Rf3 Rg6 42. Kf2 h4 43. Rh3 Rh6 44. Kf3 Kf5 45. Rh2 Rh7 46. Re2 Re7 47.
Rg2 Rh7 48. Rh2 Rh6 49. Rh3 1/2-1/2

[Event "Open Hradec Kralove 2019"]
[Site "Hradec Kralove"]
[Date "2019.10.29"]
[Round "4"]
[White "Dambrauskas, Virginijus"]
[Black "Swicarz, Maciej"]
[Result "1/2-1/2"]
[WhiteElo "2219"]
[BlackElo "2356"]
[PlyCount "38"]
[EventDate "2019.10.26"]

1. d4 f5 2. g3 Nf6 3. Bg2 g6 4. c4 Bg7 5. Nc3 O-O 6. Nh3 d6 7. d5 Na6 8. O-O
Nc5 9. Nf4 Bd7 10. Qc2 a5 11. b3 c6 12. Bb2 Qe8 13. Rad1 g5 14. Nd3 Nxd3 15.
Qxd3 Qh5 16. f3 c5 17. e3 Qg6 18. a4 h5 19. Ne2 Bh6 1/2-1/2

[Event "Open Hradec Kralove 2019"]
[Site "Hradec Kralove"]
[Date "2019.10.29"]
[Round "4"]
[White "Chkhaidze, Nikoloz"]
[Black "Yakimenko, Alexander A"]
[Result "1-0"]
[WhiteElo "2333"]
[BlackElo "2124"]
[PlyCount "131"]
[EventDate "2019.10.26"]

1. d4 e6 2. c4 Nf6 3. Nc3 Bb4 4. Qc2 O-O 5. e4 d5 6. e5 Ne4 7. Bd3 f5 8. exf6
Qxf6 9. Be3 c5 10. Nf3 Nc6 11. Bxe4 dxe4 12. Qxe4 cxd4 13. Nxd4 Bxc3+ 14. bxc3
e5 15. Nf3 Bf5 16. Qd5+ Kh8 17. O-O h6 18. Rfd1 Rad8 19. Qc5 b6 20. Qa3 Bg4 21.
Rxd8 Rxd8 22. Ne1 Qg6 23. c5 b5 24. f3 Bc8 25. Qb3 a6 26. Rd1 Be6 27. Rxd8+
Nxd8 28. Qd1 Nc6 29. Qd6 Bf7 30. a3 Kg8 31. Nd3 Qe6 32. h4 h5 33. Kh2 Qd5 34.
Nf2 Qxd6 35. cxd6 Kf8 36. Ne4 Ke8 37. Nc5 Nb8 38. Bf2 a5 39. Bg3 Nc6 40. Nd3
Kd7 41. Bxe5 Ke6 42. Bxg7 Kxd6 43. g4 Bc4 44. Nf4 hxg4 45. fxg4 Ke7 46. h5 Kf7
47. h6 Ne7 48. Bd4 Kg8 49. g5 Kh7 50. Kh3 Ng6 51. Nh5 Nf8 52. Bf6 Bf7 53. Kg4
Be6+ 54. Kf3 Bc4 55. Ke4 Bf7 56. Nf4 Ne6 57. Nd5 Kg6 58. Ke5 Nf8 59. Ne7+ Kh7
60. Kd6 Ng6 61. Nc6 a4 62. Nd4 Be8 63. Kc5 Nf4 64. Nxb5 Nd3+ 65. Kb6 Nb2 66.
Nd6 1-0

[Event "Open Hradec Kralove 2019"]
[Site "Hradec Kralove"]
[Date "2019.10.29"]
[Round "4"]
[White "Sorm, Daniel"]
[Black "Bulockin, Martin"]
[Result "1-0"]
[WhiteElo "2299"]
[BlackElo "2104"]
[PlyCount "99"]
[EventDate "2019.10.26"]

1. d4 Nf6 2. Bf4 c5 3. d5 e6 4. Nc3 d6 5. e4 a6 6. a4 Be7 7. Nf3 e5 8. Be3 Bg4
9. Be2 Bxf3 10. Bxf3 Nbd7 11. O-O O-O 12. Qd2 Ne8 13. g3 Nc7 14. Be2 b6 15. Bd3
Rb8 16. Qe2 Qc8 17. f4 Kh8 18. f5 f6 19. h4 Rg8 20. Kh2 Qb7 21. Rab1 b5 22. b3
b4 23. Nd1 a5 24. Nb2 Nb6 25. Rg1 g5 26. fxg6 hxg6 27. h5 Qc8 28. Rh1 g5 29.
Rbf1 Qd7 30. Rf5 Rbf8 31. Qg4 Qe8 32. Be2 Qc8 33. h6 Rg6 34. Kg1 Kh7 35. Qh3
Rfg8 36. Bg4 Ne8 37. Rf2 Qb7 38. Be6 Bf8 39. Qh5 Qe7 40. Nd1 Nc7 41. Bf5 Qe8
42. Kg2 Be7 43. Bc1 Nbxd5 44. exd5 Nxd5 45. Qf3 Nc7 46. Ne3 Qf7 47. Ng4 Nd5 48.
Bb2 Bd8 49. Rd1 Nc7 50. Bxg6+ 1-0

[Event "Open Hradec Kralove 2019"]
[Site "Hradec Kralove"]
[Date "2019.10.29"]
[Round "4"]
[White "Zacek, Petr"]
[Black "Jirasek, Pavel"]
[Result "0-1"]
[WhiteElo "1889"]
[BlackElo "2310"]
[PlyCount "90"]
[EventDate "2019.10.26"]

1. d4 Nf6 2. Nf3 e6 3. e3 b6 4. Bd3 Bb7 5. O-O d6 6. Nbd2 Nbd7 7. b3 g6 8. Bb2
Bg7 9. c4 O-O 10. Qc2 Qe7 11. Rfe1 a5 12. Rad1 Rad8 13. e4 Nh5 14. g3 e5 15.
dxe5 Nxe5 16. Nxe5 Bxe5 17. Nf3 Bxb2 18. Qxb2 Rfe8 19. Nd2 Qg5 20. Bf1 Re7 21.
Bg2 Rde8 22. Qd4 f5 23. Nf3 Qf6 24. Qxf6 Nxf6 25. Nd4 Nxe4 26. Nb5 Bc6 27. Nd4
Bd7 28. Re3 Nc5 29. Bd5+ Kg7 30. Rxe7+ Rxe7 31. f3 Na6 32. a3 Nc5 33. b4 axb4
34. axb4 Ne6 35. Nxe6+ Bxe6 36. Kf2 Kf6 37. f4 c5 38. bxc5 dxc5 39. Bxe6 Kxe6
40. Rb1 Rb7 41. Ke3 Kd6 42. Kd3 Kc6 43. Kc3 Re7 44. Kd3 Ra7 45. Rb3 Ra2 0-1

[Event "Open Hradec Kralove 2019"]
[Site "Hradec Kralove"]
[Date "2019.10.29"]
[Round "4"]
[White "Kratochvil, Vit"]
[Black "Jiruse, Josef"]
[Result "1-0"]
[WhiteElo "2197"]
[BlackElo "1988"]
[PlyCount "49"]
[EventDate "2019.10.26"]

1. e4 c6 2. d4 d5 3. Nc3 dxe4 4. Nxe4 Nd7 5. c4 Ngf6 6. Nc3 g6 7. Nf3 Bg7 8.
Be2 O-O 9. O-O Qc7 10. h3 e5 11. Be3 b6 12. dxe5 Nxe5 13. Nxe5 Qxe5 14. Bf3 Bb7
15. Re1 Rfe8 16. Qb3 Qa5 17. c5 b5 18. Nxb5 Nd5 19. Nd6 Reb8 20. Bxd5 cxd5 21.
Nxb7 Qc7 22. Qxd5 Rxb7 23. Bf4 Qc8 24. c6 Rxb2 25. Rab1 1-0

[Event "Open Hradec Kralove 2019"]
[Site "Hradec Kralove"]
[Date "2019.10.29"]
[Round "4"]
[White "Sabuk, Piotr"]
[Black "Kraus, Ondrej"]
[Result "1/2-1/2"]
[WhiteElo "2373"]
[BlackElo "1918"]
[PlyCount "65"]
[EventDate "2019.10.26"]

1. d4 Nf6 2. c4 e6 3. Nc3 Bb4 4. f3 d5 5. a3 Be7 6. e4 dxc4 7. Bxc4 c5 8. Nge2
cxd4 9. Nxd4 e5 10. Ndb5 a6 11. Qxd8+ Kxd8 12. Bxf7 axb5 13. Nxb5 Bd7 14. Bc4
Nc6 15. Be3 Nd4 16. Nxd4 exd4 17. Bxd4 Rc8 18. Bb3 Bc5 19. Rd1 Bxd4 20. Rxd4
Rc1+ 21. Rd1 Rxd1+ 22. Kxd1 Re8 23. Re1 Be6 24. Re3 Bxb3+ 25. Rxb3 Kc7 26. Kd2
Re6 27. Rc3+ Kb8 28. Rd3 Kc7 29. Rd4 Nd7 30. Rc4+ Kd8 31. Rb4 Kc7 32. Rc4+ Kd8
33. Rb4 1/2-1/2

[Event "Open Hradec Kralove 2019"]
[Site "Hradec Kralove"]
[Date "2019.10.29"]
[Round "4"]
[White "Sadek, Vojtech"]
[Black "Bullen, Alex"]
[Result "1-0"]
[WhiteElo "1846"]
[BlackElo "2139"]
[PlyCount "105"]
[EventDate "2019.10.26"]

1. e4 c6 2. d4 d5 3. Nc3 dxe4 4. Nxe4 Bf5 5. Ng3 Bg6 6. h4 h6 7. Nf3 Nd7 8. h5
Bh7 9. Bd3 Bxd3 10. Qxd3 e6 11. Bd2 Ngf6 12. O-O-O Be7 13. Kb1 Qb6 14. Ne4 Rd8
15. Nxf6+ Nxf6 16. Be3 Ng4 17. Qe2 Qb5 18. c4 Qf5+ 19. Ka1 O-O 20. Bc1 c5 21.
Ne5 Nf6 22. g4 Qe4 23. Qxe4 Nxe4 24. Be3 cxd4 25. Bxd4 Bf6 26. f4 Bxe5 27. fxe5
b6 28. Rhe1 Ng5 29. Re3 Rd7 30. Kb1 Rfd8 31. Red3 Nf3 32. Rxf3 Rxd4 33. Rxd4
Rxd4 34. Ra3 Rxc4 35. Rxa7 Rxg4 36. Rb7 Rg5 37. Rxb6 Rxe5 38. Rb8+ Kh7 39. b4
g5 40. hxg6+ fxg6 41. Rb7+ Kg8 42. a4 Re3 43. Kb2 Re2+ 44. Kb3 Re3+ 45. Kc4 Ra3
46. a5 h5 47. Ra7 h4 48. b5 h3 49. b6 Ra1 50. b7 Rc1+ 51. Kd3 Rd1+ 52. Ke2 Rd8
53. Ra8 1-0

[Event "Open Hradec Kralove 2019"]
[Site "Hradec Kralove"]
[Date "2019.10.29"]
[Round "4"]
[White "Kornitzky, Tino"]
[Black "Marinc, Damir"]
[Result "1-0"]
[WhiteElo "2077"]
[BlackElo "1874"]
[PlyCount "53"]
[EventDate "2019.10.26"]

1. d4 d5 2. c4 c6 3. cxd5 cxd5 4. Bf4 Nc6 5. e3 Nf6 6. Nc3 Bf5 7. Qb3 Na5 8.
Bb5+ Bd7 9. Qc2 a6 10. Bd3 e6 11. a3 Rc8 12. Nf3 Nc6 13. O-O h6 14. h3 g5 15.
Bg3 Be7 16. Qe2 Kf8 17. Ne5 Be8 18. f4 Kg7 19. fxg5 hxg5 20. Qf3 Nb8 21. Rf2
Rh6 22. Raf1 Kg8 23. h4 gxh4 24. Bxh4 Rxh4 25. Qg3+ Ng4 26. Nxg4 Bg5 27. Nf6+
1-0

[Event "Open Hradec Kralove 2019"]
[Site "Hradec Kralove"]
[Date "2019.10.29"]
[Round "4"]
[White "Stehlik, Pavel"]
[Black "Berka, Lubos"]
[Result "1-0"]
[WhiteElo "1476"]
[BlackElo "1713"]
[PlyCount "73"]
[EventDate "2019.10.26"]

1. d4 Nf6 2. Bf4 g6 3. Nf3 Bg7 4. Nbd2 O-O 5. e4 d6 6. Bc4 e6 7. e5 dxe5 8.
dxe5 Nd5 9. Bg3 c6 10. O-O b5 11. Bb3 a5 12. c4 Ne7 13. cxb5 cxb5 14. a3 Bb7
15. Rc1 Bh6 16. Rc2 Nf5 17. Re1 Nxg3 18. hxg3 Qb6 19. Ne4 Rd8 20. Nf6+ Kh8 21.
Qe2 Nd7 22. Ng4 Bg7 23. Ng5 Rf8 24. Rd1 Rad8 25. Rd6 Qa7 26. Rc7 Qa8 27. Rcxd7
Rc8 28. Nxf7+ Rxf7 29. Rxf7 Rc1+ 30. Rd1 Rxd1+ 31. Bxd1 Bxg2 32. f4 Bh3 33. Qf3
Qd8 34. Kh2 Bxg4 35. Qxg4 h5 36. Qxg6 Qxd1 37. Qxg7# 1-0

[Event "Open Hradec Kralove 2019"]
[Site "Hradec Kralove"]
[Date "2019.10.29"]
[Round "4"]
[White "Durovka, Marek"]
[Black "Vosmik, Matej"]
[Result "1-0"]
[WhiteElo "1494"]
[BlackElo "1333"]
[PlyCount "27"]
[EventDate "2019.10.26"]

1. c4 c5 2. Nc3 Nf6 3. g3 e6 4. Bg2 Be7 5. e3 O-O 6. Nge2 Nc6 7. O-O b6 8. d4
cxd4 9. Nxd4 Bb7 10. b3 Qc8 11. Bb2 Ne5 12. e4 Bb4 13. Ndb5 Qc5 14. Na4 1-0

[Event "Open Hradec Kralove 2019"]
[Site "Hradec Kralove"]
[Date "2019.10.29"]
[Round "4"]
[White "Landsmannova, Marie Magdalena"]
[Black "Trasakova, Adela"]
[Result "1-0"]
[WhiteElo "1346"]
[BlackElo "1569"]
[PlyCount "51"]
[EventDate "2019.10.26"]

1. e4 c6 2. d4 d5 3. e5 c5 4. c3 Nc6 5. Nf3 cxd4 6. cxd4 Bg4 7. Be2 Qb6 8. Nbd2
e6 9. O-O Nge7 10. b3 Nf5 11. Bb2 Bb4 12. h3 Bxf3 13. Nxf3 g6 14. Qd3 O-O 15.
g4 Ng7 16. Kh1 h5 17. gxh5 Nxh5 18. Qe3 Ng7 19. Bd3 Rac8 20. Qh6 Ne7 21. Ng5
Rfd8 22. Qh7+ Kf8 23. Qh8+ Ng8 24. Nh7+ Ke7 25. Qxg7 Bc3 26. Bxg6 1-0

[Event "Open Hradec Kralove 2019"]
[Site "Hradec Kralove"]
[Date "2019.10.29"]
[Round "4"]
[White "Svoboda, Frantisek"]
[Black "Kutek, Jiri"]
[Result "1-0"]
[WhiteElo "1668"]
[BlackElo "1515"]
[PlyCount "84"]
[EventDate "2019.10.26"]

1. b3 Nf6 2. Bb2 e6 3. g3 d5 4. Bg2 c5 5. e3 Nc6 6. Ne2 Be7 7. O-O O-O 8. d3 b5
9. c4 a6 10. Nd2 Bb7 11. cxd5 exd5 12. Rc1 Qb6 13. a3 Nd8 14. Rc2 Rc8 15. Bh3
Ne6 16. Qa1 Rc7 17. Be5 Rd7 18. Rfc1 Nh5 19. Bg4 Nf6 20. Bf5 Rdd8 21. Bh3 d4
22. exd4 Qc6 23. f3 Ng5 24. Bg2 Ng4 25. Rxc5 Bxc5 26. Rxc5 Qh6 27. fxg4 Bxg2
28. Kxg2 Qh3+ 29. Kg1 Qxg4 30. Qf1 f6 31. Bf4 Nh3+ 32. Kg2 Rfe8 33. Ne4 f5 34.
Be5 fxe4 35. dxe4 Rf8 36. Bf4 Nxf4+ 37. Nxf4 Rxd4 38. Qe1 Rxf4 39. h3 Qf3+ 40.
Kh2 Rfxe4 41. Rc8+ Kf7 42. Rc7+ Ke6 1-0

[Event "Open Hradec Kralove 2019"]
[Site "Hradec Kralove"]
[Date "2019.10.29"]
[Round "5"]
[White "Sorm, Daniel"]
[Black "Chkhaidze, Nikoloz"]
[Result "1/2-1/2"]
[WhiteElo "2299"]
[BlackElo "2333"]
[PlyCount "97"]
[EventDate "2019.10.26"]

1. d4 Nf6 2. c4 e6 3. Nc3 Bb4 4. e3 b6 5. Nge2 c5 6. a3 Ba5 7. Rb1 Na6 8. d5
exd5 9. cxd5 b5 10. Nf4 b4 11. axb4 Nxb4 12. Bc4 d6 13. O-O O-O 14. e4 Re8 15.
f3 Nd7 16. Nd3 Nxd3 17. Bxd3 c4 18. Bc2 Nc5 19. Be3 Bb6 20. Bf2 a5 21. Na4 Nxa4
22. Bxa4 Bd7 23. Bxd7 Bxf2+ 24. Rxf2 Qxd7 25. Qd4 f5 26. Rc1 fxe4 27. fxe4 Rac8
28. Rfc2 Qg4 29. Rxc4 Rxc4 30. Rxc4 h5 31. h3 Qg6 32. Kh1 Kh7 33. Qe3 Re5 34.
Qf3 Re7 35. Kh2 Re5 36. Ra4 Kh6 37. b3 Kh7 38. Rxa5 Qxe4 39. Qxe4+ Rxe4 40. Ra6
Rb4 41. Rxd6 Rxb3 42. h4 Rd3 43. Kg1 Rd4 44. g3 Rd2 45. Kf1 g6 46. Rd7+ Kh6 47.
Kg1 Rb2 48. Rd6 Rd2 49. Kf1 1/2-1/2